00305cam a22001217a 4500008004000000082001600040100001300056245003700069260003100106300001000137500001200147650002400159180718b1931 xxu||||| |||| 00| 0 eng d aY15x54 D954 aDutt, D. aLandlordism in Indiacby D. Dutt aBombaybTaraporewalac1931 a138p. aRs.8.00 aLand Tenure - India